000
00307nam a22001337a 4500
008
190306b xxu||||| |||| 00| 0 eng d
020
_a
0801610656
041
_a
eng
080
_2
7th
_a
617
100
_a
8
101
_a
ORT
245
_a
Campbell's Operative Orthopaedics
_c
Crenshaw,A.H
942
_2
udc
_c
BK
999
_c
54589
_d
54589